| 000 | 00541nam a22001695i 4500 | ||
|---|---|---|---|
| 001 | 48711 | ||
| 003 | ES-MaACL | ||
| 005 | 20230906161814.0 | ||
| 007 | t| | ||
| 008 | 950728s1871 sp ||||1| spa d | ||
| 040 |
_aCAM _bspa _cCAM |
||
| 245 | 0 | 0 |
_aDiccionario de correos de España / _cformado y publicado por la Dirección General de Comunicaciones. |
| 260 |
_aMadrid : _b[s.n.], _c1871 ( _fManuel Minuesa) |
||
| 300 |
_a502 p. ; _c38 cm. |
||
| 710 | 1 |
_aEspaña. _bDirección General de Comunicaciones. _93720 |
|
| 852 |
_aES-MaACL _jC-1068 |
||
| 999 |
_c48711 _d48711 |
||